[Event "European Youth Chess Championship B16"]
[Site "Prague, Top Hotel Prague"]
[Date "2012.08.24"]
[Round "8.1"]
[White "Grib, Roman"]
[Black "Boruchovsky, Avital"]
[Result "1-0"]
[WhiteElo "2309"]
[BlackElo "2415"]
[PlyCount "0"]
[EventDate "2012.08.17"]

1. e4 {[%clk 1:30:55]} c5 {[%clk 1:30:54]} 2. Nf3 {[%clk 1:31:15]} e6
{[%clk 1:31:16]} 3. b3 {[%clk 1:31:13]} b6 {[%clk 1:31:05]} 4. Bb2
{[%clk 1:26:28]} Bb7 {[%clk 1:31:02]} 5. d3 {[%clk 1:25:48]} d6 {[%clk 1:22:49]}
6. g3 {[%clk 1:23:56]} Nf6 {[%clk 1:21:38]} 7. Bg2 {[%clk 1:23:32]} Be7
{[%clk 1:20:20]} 8. O-O {[%clk 1:01:00]} O-O {[%clk 1:15:56]} 9. Re1
{[%clk 1:00:01]} Nbd7 {[%clk 1:05:24]} 10. c4 {[%clk 0:57:28]} a6
{[%clk 1:03:49]} 11. Nc3 {[%clk 0:56:08]} Rc8 {[%clk 1:02:43]} 12. d4
{[%clk 0:39:35]} cxd4 {[%clk 0:58:50]} 13. Nxd4 {[%clk 0:39:56]} Rc7
{[%clk 0:55:44]} 14. f4 {[%clk 0:25:42]} Nc5 {[%clk 0:42:57]} 15. f5
{[%clk 0:20:48]} e5 {[%clk 0:40:46]} 16. Nc2 {[%clk 0:19:38]} Qa8
{[%clk 0:41:07]} 17. Nb4 {[%clk 0:05:55]} b5 {[%clk 0:28:04]} 18. cxb5
{[%clk 0:04:48]} axb5 {[%clk 0:20:26]} 19. Qe2 {[%clk 0:03:50]} Ncxe4
{[%clk 0:18:43]} 20. Nxe4 {[%clk 0:02:42]} Nxe4 {[%clk 0:18:36]} 21. Bxe4
{[%clk 0:03:04]} d5 {[%clk 0:19:05]} 22. Bg2 {[%clk 0:02:20]} Bc5+
{[%clk 0:18:35]} 23. Kf1 {[%clk 0:01:27]} Qc8 {[%clk 0:16:47]} 24. Nd3
{[%clk 0:01:14]} Ba7 {[%clk 0:15:38]} 25. Qxe5 {[%clk 0:01:27]} d4
{[%clk 0:15:29]} 26. Bxb7 {[%clk 0:01:31]} Qxb7 {[%clk 0:15:48]} 27. Qe4
{[%clk 0:01:55]} 1-0

[Event "European Youth Chess Championship B16"]
[Site "Prague, Top Hotel Prague"]
[Date "2012.08.24"]
[Round "8.4"]
[White "Santos Latasa, Jaime"]
[Black "Harutyunian, Tigran K."]
[Result "0-1"]
[WhiteElo "2403"]
[BlackElo "2308"]
[PlyCount "0"]
[EventDate "2012.08.17"]

1. Nf3 {[%clk 1:30:56]} d5 {[%clk 1:30:41]} 2. d4 {[%clk 1:31:16]} Nf6
{[%clk 1:30:57]} 3. c4 {[%clk 1:31:39]} e6 {[%clk 1:31:23]} 4. g3
{[%clk 1:32:06]} dxc4 {[%clk 1:31:16]} 5. Bg2 {[%clk 1:32:26]} Nbd7
{[%clk 1:31:40]} 6. O-O {[%clk 1:32:47]} c6 {[%clk 1:31:06]} 7. a4
{[%clk 1:33:09]} a5 {[%clk 1:29:29]} 8. Qc2 {[%clk 1:33:32]} Bb4 {[%clk 1:21:21]}
9. Qxc4 {[%clk 1:32:43]} O-O {[%clk 1:21:46]} 10. Bf4 {[%clk 1:32:51]} Nd5
{[%clk 1:15:47]} 11. Bg5 {[%clk 1:32:34]} Be7 {[%clk 1:13:13]} 12. Bxe7
{[%clk 1:28:19]} Qxe7 {[%clk 1:13:38]} 13. e4 {[%clk 1:28:14]} Nb4
{[%clk 1:13:34]} 14. Rd1 {[%clk 1:25:33]} b6 {[%clk 1:05:11]} 15. Na3
{[%clk 1:22:52]} Bb7 {[%clk 0:58:24]} 16. Nc2 {[%clk 1:18:45]} Rfd8
{[%clk 0:45:19]} 17. Nxb4 {[%clk 1:16:24]} axb4 {[%clk 0:45:28]} 18. Nd2
{[%clk 1:16:08]} c5 {[%clk 0:35:35]} 19. Nb3 {[%clk 1:14:51]} Ba6
{[%clk 0:30:52]} 20. Qc2 {[%clk 1:14:05]} Rac8 {[%clk 0:31:21]} 21. dxc5
{[%clk 1:13:44]} bxc5 {[%clk 0:30:20]} 22. Bf1 {[%clk 1:06:08]} Bxf1
{[%clk 0:27:25]} 23. Kxf1 {[%clk 1:04:53]} c4 {[%clk 0:27:54]} 24. Nd4
{[%clk 1:03:52]} Ne5 {[%clk 0:27:12]} 25. Nb5 {[%clk 1:03:21]} Nd3
{[%clk 0:22:41]} 26. b3 {[%clk 1:02:40]} Qf6 {[%clk 0:19:35]} 27. f4
{[%clk 1:01:29]} g5 {[%clk 0:17:44]} 28. Nd6 {[%clk 0:58:25]} Rxd6
{[%clk 0:15:41]} 29. e5 {[%clk 0:58:49]} Nxe5 {[%clk 0:15:35]} 30. Rxd6
{[%clk 0:59:11]} gxf4 {[%clk 0:15:53]} 31. Re1 {[%clk 0:57:32]} fxg3+
{[%clk 0:14:37]} 32. Kg2 {[%clk 0:57:41]} Qf3+ {[%clk 0:12:15]} 33. Kg1
{[%clk 0:58:06]} Ng4 {[%clk 0:11:12]} 0-1

[Event "European Youth Chess Championship B16"]
[Site "Prague, Top Hotel Prague"]
[Date "2012.08.24"]
[Round "8.5"]
[White "Laurusas, Tomas"]
[Black "Lugovskoy, Maxim"]
[Result "1-0"]
[WhiteElo "2402"]
[BlackElo "2312"]
[PlyCount "0"]
[EventDate "2012.08.17"]

1. d4 {[%clk 1:30:58]} d5 {[%clk 1:30:59]} 2. c4 {[%clk 1:31:24]} e6
{[%clk 1:31:28]} 3. Nc3 {[%clk 1:31:49]} Be7 {[%clk 1:31:57]} 4. cxd5
{[%clk 1:32:12]} exd5 {[%clk 1:32:25]} 5. Bf4 {[%clk 1:32:37]} c6
{[%clk 1:31:20]} 6. Qc2 {[%clk 1:32:03]} Nf6 {[%clk 1:30:19]} 7. e3
{[%clk 1:32:27]} Nh5 {[%clk 1:29:41]} 8. Be5 {[%clk 1:26:40]} Nd7
{[%clk 1:30:01]} 9. Be2 {[%clk 1:27:05]} Nxe5 {[%clk 1:30:22]} 10. dxe5
{[%clk 1:25:50]} g6 {[%clk 1:30:51]} 11. Bxh5 {[%clk 1:26:12]} gxh5
{[%clk 1:31:19]} 12. Nge2 {[%clk 1:20:32]} Bg4 {[%clk 0:58:22]} 13. O-O-O
{[%clk 1:07:26]} Qb6 {[%clk 0:47:27]} 14. Kb1 {[%clk 1:00:52]} f6
{[%clk 0:41:27]} 15. f3 {[%clk 0:59:29]} Bd7 {[%clk 0:37:57]} 16. exf6
{[%clk 0:26:20]} Bxf6 {[%clk 0:38:18]} 17. e4 {[%clk 0:26:46]} O-O
{[%clk 0:32:15]} 18. exd5 {[%clk 0:27:02]} c5 {[%clk 0:20:51]} 19. Ka1
{[%clk 0:21:08]} Bg7 {[%clk 0:20:48]} 20. Ng3 {[%clk 0:19:28]} h4
{[%clk 0:18:53]} 21. Nge4 {[%clk 0:19:57]} a5 {[%clk 0:17:06]} 22. d6
{[%clk 0:19:46]} a4 {[%clk 0:14:46]} 23. Nd5 {[%clk 0:18:18]} Qd8
{[%clk 0:13:50]} 24. Ne7+ {[%clk 0:18:31]} Kh8 {[%clk 0:13:27]} 25. Ng5
{[%clk 0:17:51]} Bf5 {[%clk 0:13:37]} 26. Qc4 {[%clk 0:17:03]} h6
{[%clk 0:10:55]} 27. Ne6 {[%clk 0:12:26]} Bxe6 {[%clk 0:11:12]} 28. Ng6+
{[%clk 0:12:52]} Kh7 {[%clk 0:10:41]} 29. Nxf8+ {[%clk 0:13:18]} Qxf8
{[%clk 0:11:30]} 30. Qxe6 {[%clk 0:13:42]} a3 {[%clk 0:11:52]} 31. Rhe1
{[%clk 0:12:19]} Qd8 {[%clk 0:10:17]} 32. d7 {[%clk 0:08:54]} Bxb2+
{[%clk 0:09:24]} 33. Kb1 {[%clk 0:09:23]} Bf6 {[%clk 0:09:49]} 34. Qf7+
{[%clk 0:09:42]} Bg7 {[%clk 0:10:09]} 35. Qf5+ {[%clk 0:10:09]} 1-0

[Event "European Youth Chess Championship B16"]
[Site "Prague, Top Hotel Prague"]
[Date "2012.08.24"]
[Round "8.6"]
[White "Bortnik, Alexandr"]
[Black "Zakhartsov, Vladimir"]
[Result "0-1"]
[WhiteElo "2365"]
[BlackElo "2306"]
[PlyCount "0"]
[EventDate "2012.08.17"]

1. d4 {[%clk 1:30:56]} Nf6 {[%clk 1:29:12]} 2. c4 {[%clk 1:31:19]} g6
{[%clk 1:28:31]} 3. Nc3 {[%clk 1:31:43]} Bg7 {[%clk 1:28:41]} 4. e4
{[%clk 1:31:56]} O-O {[%clk 1:29:01]} 5. Nf3 {[%clk 1:31:51]} d6 {[%clk 1:29:25]}
6. Bg5 {[%clk 1:32:00]} Nbd7 {[%clk 1:27:46]} 7. Qd2 {[%clk 1:30:03]} c5
{[%clk 1:23:09]} 8. d5 {[%clk 1:23:45]} Qa5 {[%clk 1:22:19]} 9. Bd3
{[%clk 1:20:57]} a6 {[%clk 1:22:32]} 10. O-O {[%clk 1:19:20]} Re8
{[%clk 1:20:34]} 11. h3 {[%clk 1:15:01]} b5 {[%clk 1:10:25]} 12. cxb5
{[%clk 1:08:56]} axb5 {[%clk 1:10:50]} 13. Bxf6 {[%clk 0:54:02]} Bxf6
{[%clk 1:05:46]} 14. Nxb5 {[%clk 0:53:35]} Qxd2 {[%clk 1:05:54]} 15. Nxd2
{[%clk 0:54:04]} Ra4 {[%clk 1:05:31]} 16. a3 {[%clk 0:33:30]} Ba6
{[%clk 0:49:13]} 17. Rab1 {[%clk 0:25:30]} Ra5 {[%clk 0:36:56]} 18. Nc7
{[%clk 0:19:54]} Bxd3 {[%clk 0:37:09]} 19. Nxe8 {[%clk 0:20:19]} Bh8
{[%clk 0:37:20]} 20. b4 {[%clk 0:20:06]} Ra8 {[%clk 0:19:54]} 21. Nc7
{[%clk 0:16:48]} Rxa3 {[%clk 0:17:06]} 22. bxc5 {[%clk 0:17:10]} dxc5
{[%clk 0:17:19]} 23. f4 {[%clk 0:09:39]} Bd4+ {[%clk 0:16:53]} 24. Kh1
{[%clk 0:08:49]} Be3 {[%clk 0:15:22]} 25. Ra1 {[%clk 0:06:07]} Rxa1
{[%clk 0:14:07]} 26. Rxa1 {[%clk 0:06:36]} Bxd2 {[%clk 0:14:28]} 27. d6
{[%clk 0:03:55]} exd6 {[%clk 0:14:21]} 28. Rd1 {[%clk 0:04:24]} Ba5
{[%clk 0:14:42]} 29. Rxd3 {[%clk 0:03:51]} Bxc7 {[%clk 0:15:10]} 30. e5
{[%clk 0:04:20]} Kf8 {[%clk 0:13:00]} 31. exd6 {[%clk 0:04:43]} Bb8
{[%clk 0:13:04]} 32. g3 {[%clk 0:04:34]} f5 {[%clk 0:13:11]} 33. Kg2
{[%clk 0:04:12]} Kf7 {[%clk 0:13:36]} 34. Kf3 {[%clk 0:04:27]} Ke6
{[%clk 0:11:57]} 35. Re3+ {[%clk 0:04:52]} Kxd6 {[%clk 0:12:22]} 36. Re8
{[%clk 0:05:21]} Bc7 {[%clk 0:11:37]} 37. g4 {[%clk 0:05:04]} Nf6
{[%clk 0:11:01]} 38. Re5 {[%clk 0:03:07]} Nd5 {[%clk 0:05:49]} 39. gxf5
{[%clk 0:01:42]} Nxf4 {[%clk 0:05:23]} 40. fxg6 {[%clk 0:32:01]} hxg6
{[%clk 0:34:32]} 41. Rg5 {[%clk 0:31:11]} Kc6 {[%clk 0:34:33]} 42. Ke3
{[%clk 0:31:02]} Bd8 {[%clk 0:29:34]} 43. Rg3 {[%clk 0:21:10]} Bh4
{[%clk 0:29:38]} 44. Rf3 {[%clk 0:20:47]} g5 {[%clk 0:30:02]} 45. Ke4
{[%clk 0:20:05]} Kb5 {[%clk 0:30:07]} 46. Rc3 {[%clk 0:20:03]} Kb4
{[%clk 0:30:30]} 47. Rc2 {[%clk 0:20:29]} Nxh3 {[%clk 0:30:12]} 48. Kd5
{[%clk 0:20:41]} Nf4+ {[%clk 0:30:37]} 49. Ke4 {[%clk 0:21:07]} c4
{[%clk 0:30:54]} 50. Rb2+ {[%clk 0:21:23]} Kc3 {[%clk 0:31:11]} 0-1

[Event "European Youth Chess Championship B16"]
[Site "Prague, Top Hotel Prague"]
[Date "2012.08.24"]
[Round "8.7"]
[White "Dastan, Muhammed Batuhan"]
[Black "Menezes, Christoph"]
[Result "1/2-1/2"]
[WhiteElo "2317"]
[BlackElo "2279"]
[PlyCount "0"]
[EventDate "2012.08.17"]

1. e4 {[%clk 1:30:57]} c5 {[%clk 1:30:54]} 2. Nf3 {[%clk 1:31:05]} d6
{[%clk 1:31:15]} 3. d4 {[%clk 1:31:28]} cxd4 {[%clk 1:31:35]} 4. Nxd4
{[%clk 1:31:51]} Nf6 {[%clk 1:31:55]} 5. Nc3 {[%clk 1:32:13]} a6 {[%clk 1:32:13]}
6. Bc4 {[%clk 1:32:08]} e6 {[%clk 1:32:33]} 7. O-O {[%clk 1:32:13]} b5
{[%clk 1:32:08]} 8. Bb3 {[%clk 1:32:13]} Be7 {[%clk 1:32:12]} 9. Qf3
{[%clk 1:32:22]} Qc7 {[%clk 1:32:30]} 10. Qg3 {[%clk 1:32:32]} O-O
{[%clk 1:32:32]} 11. Bh6 {[%clk 1:32:26]} Ne8 {[%clk 1:32:45]} 12. Rad1
{[%clk 1:32:00]} Bd7 {[%clk 1:31:07]} 13. Nf3 {[%clk 1:25:17]} Nc6
{[%clk 1:02:00]} 14. Bf4 {[%clk 1:20:13]} b4 {[%clk 0:58:14]} 15. e5
{[%clk 1:15:24]} dxe5 {[%clk 0:56:43]} 16. Nxe5 {[%clk 0:50:11]} Nxe5
{[%clk 0:46:50]} 17. Bxe5 {[%clk 0:50:27]} Qb7 {[%clk 0:46:48]} 18. Ne4
{[%clk 0:31:36]} a5 {[%clk 0:35:37]} 19. Rd4 {[%clk 0:24:18]} Bb5
{[%clk 0:26:24]} 20. Rfd1 {[%clk 0:20:59]} a4 {[%clk 0:25:41]} 21. Bc4
{[%clk 0:21:23]} Bxc4 {[%clk 0:24:22]} 22. Rxc4 {[%clk 0:21:51]} f6
{[%clk 0:23:24]} 23. Bf4 {[%clk 0:19:14]} e5 {[%clk 0:20:55]} 24. Bc1
{[%clk 0:18:46]} f5 {[%clk 0:17:19]} 25. Ng5 {[%clk 0:15:54]} Nd6
{[%clk 0:07:17]} 26. Ne6 {[%clk 0:13:10]} Rf7 {[%clk 0:04:41]} 27. Rc7
{[%clk 0:13:35]} Qb5 {[%clk 0:03:56]} 28. Qd3 {[%clk 0:07:27]} Qxd3
{[%clk 0:01:27]} 29. Rxd3 {[%clk 0:07:56]} Rc8 {[%clk 0:01:23]} 30. Rd5
{[%clk 0:07:41]} Bf6 {[%clk 0:00:47]} 31. Rxc8+ {[%clk 0:07:37]} Nxc8
{[%clk 0:01:16]} 32. Bd2 {[%clk 0:06:54]} Nb6 {[%clk 0:00:55]} 33. Rb5
{[%clk 0:04:39]} Rd7 {[%clk 0:01:06]} 34. Be1 {[%clk 0:05:08]} Rd6
{[%clk 0:00:54]} 35. Nc5 {[%clk 0:04:51]} Rd5 {[%clk 0:00:59]} 36. Rxb6
{[%clk 0:00:48]} Rxc5 {[%clk 0:01:25]} 37. Rxb4 {[%clk 0:00:53]} Rxc2
{[%clk 0:01:49]} 38. Kf1 {[%clk 0:00:48]} a3 {[%clk 0:01:13]} 39. Bc3
{[%clk 0:00:37]} Rc1+ {[%clk 0:00:49]} 40. Ke2 {[%clk 0:31:06]} Rc2+
{[%clk 0:31:06]} 41. Ke1 {[%clk 0:28:30]} Rc1+ {[%clk 0:18:09]} 42. Kd2
{[%clk 0:19:29]} Rf1 {[%clk 0:09:55]} 43. Ke2 {[%clk 0:17:48]} Ra1
{[%clk 0:09:39]} 44. Rb3 {[%clk 0:16:34]} Be7 {[%clk 0:08:34]} 1/2-1/2

[Event "European Youth Chess Championship B16"]
[Site "Prague, Top Hotel Prague"]
[Date "2012.08.24"]
[Round "8.9"]
[White "Iovcov, Valerii"]
[Black "Beradze, Irakli"]
[Result "0-1"]
[WhiteElo "2191"]
[BlackElo "2331"]
[PlyCount "0"]
[EventDate "2012.08.17"]

1. e4 {[%clk 1:30:57]} c5 {[%clk 1:30:41]} 2. Nf3 {[%clk 1:31:22]} d6
{[%clk 1:31:04]} 3. c3 {[%clk 1:31:48]} Nf6 {[%clk 1:30:54]} 4. Be2
{[%clk 1:32:11]} g6 {[%clk 1:30:36]} 5. O-O {[%clk 1:32:26]} Bg7 {[%clk 1:31:03]}
6. Bb5+ {[%clk 1:32:43]} Nc6 {[%clk 1:30:46]} 7. d4 {[%clk 1:18:31]} Bd7
{[%clk 1:30:18]} 8. d5 {[%clk 1:14:31]} Ne5 {[%clk 1:29:02]} 9. Bxd7+
{[%clk 1:14:36]} Nexd7 {[%clk 1:28:51]} 10. Re1 {[%clk 1:14:37]} O-O
{[%clk 1:29:07]} 11. a4 {[%clk 1:06:19]} b6 {[%clk 1:25:16]} 12. h3
{[%clk 1:05:48]} a6 {[%clk 1:23:47]} 13. Qd3 {[%clk 0:58:12]} Ne8
{[%clk 1:20:54]} 14. Bf4 {[%clk 0:57:18]} Ne5 {[%clk 1:20:23]} 15. Nxe5
{[%clk 0:56:49]} dxe5 {[%clk 1:20:50]} 16. Bg3 {[%clk 0:48:50]} Nd6
{[%clk 1:18:41]} 17. Nd2 {[%clk 0:39:26]} Bh6 {[%clk 1:01:18]} 18. Nc4
{[%clk 0:33:35]} f6 {[%clk 1:00:48]} 19. f3 {[%clk 0:30:46]} Qc7 {[%clk 0:57:44]}
20. h4 {[%clk 0:23:06]} Rfd8 {[%clk 0:45:01]} 21. Red1 {[%clk 0:20:18]} Rdb8
{[%clk 0:42:18]} 22. h5 {[%clk 0:14:52]} Ra7 {[%clk 0:34:55]} 23. hxg6
{[%clk 0:15:07]} hxg6 {[%clk 0:35:24]} 24. Bf2 {[%clk 0:08:58]} Raa8
{[%clk 0:17:09]} 25. g3 {[%clk 0:09:03]} Rd8 {[%clk 0:08:27]} 26. Kg2
{[%clk 0:08:52]} Bg7 {[%clk 0:06:16]} 27. Be3 {[%clk 0:07:19]} Rf8
{[%clk 0:04:06]} 28. Rac1 {[%clk 0:03:52]} b5 {[%clk 0:03:53]} 29. axb5
{[%clk 0:03:48]} axb5 {[%clk 0:04:19]} 30. Nxd6 {[%clk 0:04:13]} exd6
{[%clk 0:04:45]} 31. Ra1 {[%clk 0:03:54]} Qb7 {[%clk 0:04:01]} 32. b4
{[%clk 0:01:27]} c4 {[%clk 0:04:12]} 33. Qc2 {[%clk 0:01:49]} Ra6
{[%clk 0:04:15]} 34. Qb2 {[%clk 0:01:07]} Rfa8 {[%clk 0:04:42]} 35. Ra5
{[%clk 0:01:13]} Rxa5 {[%clk 0:04:53]} 36. bxa5 {[%clk 0:01:40]} Rxa5
{[%clk 0:05:15]} 37. Qb4 {[%clk 0:01:13]} Qa6 {[%clk 0:04:39]} 38. Rb1
{[%clk 0:01:20]} f5 {[%clk 0:04:55]} 39. Bg5 {[%clk 0:01:08]} Ra2+
{[%clk 0:04:04]} 40. Rb2 {[%clk 0:30:53]} Bf8 {[%clk 0:31:48]} 41. Kf2
{[%clk 0:16:02]} Qa4 {[%clk 0:30:00]} 42. Rxa2 {[%clk 0:11:29]} Qxa2+
{[%clk 0:30:10]} 43. Kg1 {[%clk 0:05:37]} Qe2 {[%clk 0:28:35]} 44. exf5
{[%clk 0:06:00]} Qxf3 {[%clk 0:28:49]} 45. Bh4 {[%clk 0:03:29]} g5
{[%clk 0:29:09]} 46. Qxb5 {[%clk 0:03:35]} gxh4 {[%clk 0:27:58]} 47. Qd7
{[%clk 0:04:01]} Qxg3+ {[%clk 0:28:25]} 48. Kf1 {[%clk 0:04:26]} Qg7
{[%clk 0:28:41]} 0-1

[Event "European Youth Chess Championship B16"]
[Site "Prague, Top Hotel Prague"]
[Date "2012.08.24"]
[Round "8.10"]
[White "Boscolo, Federico"]
[Black "Tomici, Stefan"]
[Result "1/2-1/2"]
[WhiteElo "2328"]
[BlackElo "2177"]
[PlyCount "0"]
[EventDate "2012.08.17"]

1. e4 {[%clk 1:30:57]} e5 {[%clk 1:30:56]} 2. Nf3 {[%clk 1:31:24]} Nc6
{[%clk 1:31:22]} 3. Bb5 {[%clk 1:31:50]} Nf6 {[%clk 1:31:28]} 4. O-O
{[%clk 1:32:11]} Nxe4 {[%clk 1:30:49]} 5. Re1 {[%clk 1:32:27]} Nd6
{[%clk 1:30:20]} 6. Nxe5 {[%clk 1:32:50]} Be7 {[%clk 1:28:45]} 7. Bd3
{[%clk 1:33:12]} O-O {[%clk 1:01:25]} 8. Qh5 {[%clk 1:05:53]} f5 {[%clk 0:51:24]}
9. Nxc6 {[%clk 0:55:30]} dxc6 {[%clk 0:51:05]} 10. c3 {[%clk 0:53:17]} Bf6
{[%clk 0:45:55]} 11. Bc2 {[%clk 0:51:51]} c5 {[%clk 0:44:59]} 12. d3
{[%clk 0:47:55]} Bd7 {[%clk 0:38:41]} 13. Bf4 {[%clk 0:45:37]} Bc6
{[%clk 0:32:53]} 14. Nd2 {[%clk 0:45:37]} g6 {[%clk 0:31:27]} 15. Qh3
{[%clk 0:45:09]} Nf7 {[%clk 0:23:06]} 16. Nc4 {[%clk 0:37:12]} b6
{[%clk 0:21:59]} 17. Ne5 {[%clk 0:33:11]} Nxe5 {[%clk 0:20:42]} 18. Bxe5
{[%clk 0:33:01]} Bxe5 {[%clk 0:17:59]} 19. Rxe5 {[%clk 0:31:53]} Re8
{[%clk 0:16:53]} 20. Qe3 {[%clk 0:22:41]} Qd6 {[%clk 0:12:59]} 21. Re1
{[%clk 0:18:55]} Rxe5 {[%clk 0:11:38]} 22. Qxe5 {[%clk 0:19:23]} Qxe5
{[%clk 0:11:46]} 23. Rxe5 {[%clk 0:19:51]} Re8 {[%clk 0:12:05]} 24. Rxe8+
{[%clk 0:18:43]} Bxe8 {[%clk 0:12:29]} 25. f4 {[%clk 0:19:08]} Kf7
{[%clk 0:11:22]} 26. Kf2 {[%clk 0:19:37]} Kf6 {[%clk 0:10:54]} 27. g3
{[%clk 0:20:01]} Bf7 {[%clk 0:09:44]} 28. Ke3 {[%clk 0:18:01]} Ke7
{[%clk 0:08:08]} 29. a3 {[%clk 0:17:46]} a5 {[%clk 0:08:17]} 30. Bd1
{[%clk 0:17:56]} Bd5 {[%clk 0:08:30]} 31. h4 {[%clk 0:17:02]} Bf7
{[%clk 0:06:28]} 32. Bf3 {[%clk 0:16:53]} Kd6 {[%clk 0:06:31]} 33. Kd2
{[%clk 0:13:31]} Bd5 {[%clk 0:04:38]} 34. Bxd5 {[%clk 0:09:04]} Kxd5
{[%clk 0:05:03]} 35. b3 {[%clk 0:09:25]} c6 {[%clk 0:04:19]} 36. Ke3
{[%clk 0:08:42]} h5 {[%clk 0:03:43]} 37. Kd2 {[%clk 0:04:59]} Kd6
{[%clk 0:03:10]} 38. Ke2 {[%clk 0:04:48]} Ke6 {[%clk 0:03:00]} 39. Kf3
{[%clk 0:04:43]} Kd6 {[%clk 0:03:20]} 40. Ke3 {[%clk 0:35:07]} Kd5
{[%clk 0:33:45]} 41. Kd2 {[%clk 0:20:53]} Kd6 {[%clk 0:30:27]} 42. c4
{[%clk 0:20:26]} Ke6 {[%clk 0:28:34]} 43. Kc3 {[%clk 0:20:53]} Kd6
{[%clk 0:27:44]} 44. Kc2 {[%clk 0:19:11]} Ke6 {[%clk 0:27:41]} 45. Kd2
{[%clk 0:19:33]} Kd7 {[%clk 0:27:39]} 46. Kc1 {[%clk 0:19:37]} Kd6
{[%clk 0:27:41]} 47. Kb2 {[%clk 0:20:05]} Ke6 {[%clk 0:28:05]} 48. Kc3
{[%clk 0:19:04]} Kd6 {[%clk 0:28:29]} 49. d4 {[%clk 0:13:26]} cxd4+
{[%clk 0:27:51]} 50. Kxd4 {[%clk 0:13:54]} c5+ {[%clk 0:28:20]} 51. Kc3
{[%clk 0:14:13]} Ke6 {[%clk 0:28:41]} 52. b4 {[%clk 0:11:44]} a4 {[%clk 0:29:00]}
53. b5 {[%clk 0:12:11]} 1/2-1/2

[Event "European Youth Chess Championship B16"]
[Site "Prague, Top Hotel Prague"]
[Date "2012.08.24"]
[Round "8.11"]
[White "Nuri, Murad"]
[Black "Meng, Roger"]
[Result "1-0"]
[WhiteElo "2097"]
[BlackElo "2291"]
[PlyCount "79"]
[EventDate "2012.08.17"]

1. Nf3 c5 2. c4 b6 3. d4 cxd4 4. Nxd4 Bb7 5. Nc3 Nf6 6. f3 d6 7. e4 g6 8. Be3
Bg7 9. Be2 O-O 10. O-O Nbd7 11. a4 a6 12. a5 e6 13. Nb3 Qc7 14. axb6 Nxb6 15.
Na5 Bc8 16. Qe1 Re8 17. Qf2 Rb8 18. Rfc1 Nbd7 19. Bf1 Ne5 20. Qd2 Nc6 21. Nb5
Qd7 22. Nxc6 Qxc6 23. Qxd6 Qb7 24. Nc7 Qb3 25. Nxe8 Nxe8 26. Qd3 Qb7 27. Bd4
Bh6 28. Rc2 Qc6 29. Bc3 Bb7 30. Rd1 Bg5 31. Qd4 Bf6 32. Qe3 Be7 33. Kh1 Bc5 34.
Qg5 Rc8 35. Rcd2 Qb6 36. Rd8 Bf8 37. Rxc8 Bxc8 38. c5 Bxc5 39. Rd8 f6 40. Qxf6
1-0

[Event "European Youth Chess Championship B16"]
[Site "Prague, Top Hotel Prague"]
[Date "2012.08.24"]
[Round "8.13"]
[White "David, Alexandru-Vasile"]
[Black "Kobo, Ori"]
[Result "0-1"]
[WhiteElo "2059"]
[BlackElo "2249"]
[PlyCount "112"]
[EventDate "2012.08.17"]

1. d4 Nf6 2. Nf3 g6 3. c4 Bg7 4. Nc3 d5 5. Bg5 Ne4 6. Bh4 Nxc3 7. bxc3 c5 8.
cxd5 Qxd5 9. e3 Nc6 10. Be2 cxd4 11. cxd4 e5 12. dxe5 Qa5+ 13. Qd2 Qxd2+ 14.
Nxd2 Bxe5 15. Rc1 O-O 16. O-O Bf5 17. Nc4 Bc7 18. Rfd1 Be6 19. Bf3 Rfc8 20. Bf6
Re8 21. a3 Rac8 22. h3 Kf8 23. h4 h5 24. Nd6 Bxd6 25. Rxd6 Nd4 26. Rxc8 Nxf3+
27. gxf3 Rxc8 28. Kg2 Ke8 29. Rd4 Bd7 30. Re4+ Be6 31. Rd4 b5 32. Rd6 a5 33.
Ra6 a4 34. Rb6 Rc5 35. e4 Kd7 36. Bd4 Rc4 37. Bf6 Rc5 38. Bd4 Rc4 39. Bg7 b4
40. Rxb4 Rxb4 41. axb4 Kc6 42. Kg3 Kb5 43. Kf4 Kxb4 44. Kg5 Kc4 45. f4 Bg4 46.
Kf6 Bf3 47. Ke5 Kd3 48. f5 Bxe4 49. fxg6 fxg6 50. f3 Bxf3 51. Kf4 Bg4 52. Bf8
Kc2 53. Be7 Kb2 54. Bf6+ Ka2 55. Ke3 a3 56. Be7 Kb2 0-1

[Event "European Youth Chess Championship B16"]
[Site "Prague, Top Hotel Prague"]
[Date "2012.08.24"]
[Round "8.16"]
[White "Samdanov, Samdan"]
[Black "Fargac, Martin"]
[Result "1-0"]
[WhiteElo "2207"]
[BlackElo "2051"]
[PlyCount "95"]
[EventDate "2012.08.17"]

1. d4 d5 2. c4 c6 3. Nf3 Nf6 4. Nc3 e6 5. Bg5 h6 6. Bh4 dxc4 7. e4 g5 8. Bg3 b5
9. Be2 Bb7 10. O-O Nbd7 11. Ne5 Bg7 12. Nxd7 Nxd7 13. Bd6 Bf8 14. Bxf8 Rxf8 15.
a4 a6 16. e5 Qc7 17. Ne4 O-O-O 18. b3 cxb3 19. Qxb3 Nb6 20. axb5 axb5 21. Rfc1
Rxd4 22. Nd6+ Kb8 23. Nxb5 Qxe5 24. Nxd4 Qxd4 25. Rab1 Kc7 26. Rc4 Nxc4 27.
Qxb7+ Kd6 28. Qb4+ c5 29. Qxc4 Qxc4 30. Bxc4 Ke5 31. Rc1 Rb8 32. Be2 Kd4 33. f3
Ke3 34. Kf1 Rb3 35. Ke1 Kd4 36. Rc4+ Kd5 37. Re4 Rb4 38. Rxb4 cxb4 39. Kd2 Kd4
40. Bd1 f5 41. Bb3 e5 42. Be6 e4 43. Bxf5 exf3 44. gxf3 h5 45. h3 Ke5 46. Bg6
g4 47. fxg4 Kf6 48. Bxh5 1-0

[Event "European Youth Chess Championship B16"]
[Site "Prague, Top Hotel Prague"]
[Date "2012.08.24"]
[Round "8.17"]
[White "De Vleeschauwer, Maarten"]
[Black "Csonka, Balazs"]
[Result "0-1"]
[WhiteElo "1996"]
[BlackElo "2313"]
[PlyCount "88"]
[EventDate "2012.08.17"]

1. e4 c5 2. Nc3 d6 3. f4 g6 4. Nf3 Bg7 5. Bb5+ Bd7 6. Bc4 Nc6 7. O-O Na5 8. Be2
Nc6 9. Bc4 Na5 10. Be2 Nf6 11. d3 O-O 12. Qe1 Nc6 13. Bd1 e6 14. Qh4 Ne8 15.
Qh3 f5 16. exf5 exf5 17. Nd5 Nf6 18. Nxf6+ Qxf6 19. c3 h6 20. Bd2 Rfe8 21. Bc2
Be6 22. Rae1 Bd5 23. a3 Qf7 24. Qg3 Rxe1 25. Rxe1 Re8 26. Rxe8+ Qxe8 27. Qf2
Qf7 28. Be3 b6 29. Kf1 Bb3 30. h3 Bxc2 31. Qxc2 Qd5 32. Ke2 b5 33. Qd2 a5 34.
Qc2 Kh7 35. Kf2 Qa2 36. d4 b4 37. cxb4 axb4 38. axb4 Nxb4 39. Qd2 Qc4 40. dxc5
Nd3+ 41. Kg3 dxc5 42. Ne5 Nxe5 43. fxe5 g5 44. Kf2 f4 0-1

[Event "European Youth Chess Championship B16"]
[Site "Prague, Top Hotel Prague"]
[Date "2012.08.24"]
[Round "8.18"]
[White "Toman, Ondrej"]
[Black "Kessler, Luca"]
[Result "1-0"]
[WhiteElo "2074"]
[BlackElo "2242"]
[PlyCount "93"]
[EventDate "2012.08.17"]

1. e4 c6 2. d4 d5 3. Nc3 dxe4 4. Nxe4 Bf5 5. Ng3 Bg6 6. Nf3 Nd7 7. h4 h6 8. h5
Bh7 9. Bd3 Bxd3 10. Qxd3 e6 11. Bd2 Ngf6 12. Qe2 Be7 13. O-O-O O-O 14. Ne5 c5
15. Nxd7 Nxd7 16. dxc5 Qc7 17. Ne4 Nxc5 18. Nxc5 Qxc5 19. Bc3 Rfd8 20. f3 Rxd1+
21. Qxd1 Rd8 22. Qe2 Qd5 23. Qe5 Qxe5 24. Bxe5 Rd5 25. Bc3 Bg5+ 26. Kb1 f5 27.
a4 Kf7 28. b4 Bf6 29. Bxf6 Kxf6 30. Kb2 Rd2 31. Rg1 Kg5 32. Kc3 Rf2 33. Rd1
Kxh5 34. Rd7 Rxg2 35. Rxb7 g5 36. Rxa7 Rg3 37. b5 Rxf3+ 38. Kd4 Rf1 39. b6 Rb1
40. a5 g4 41. Rg7 e5+ 42. Kxe5 Rb5+ 43. Kd6 Rxa5 44. b7 Rb5 45. c4 Rb1 46. Ke5
g3 47. Kxf5 1-0